Theodora - Toutes les chansons - Statistiques

Statistiques générales
  • Ce quiz a été pris 115 fois
    52 depuis la dernière actualisation
  • Le résultat moyen est 25 sur 54
Statistiques - réponses
Hint Réponse % Correct
Bad Boy Lovestory 9 #Il
93%
Bad Boy Lovestory 8 Ils me rient tous au nez
85%
Méga BBL 12 Ils me rient tous au nez (Live Version) (feat. Chilly Gonzales)
85%
Bad Boy Lovestory 4 Kongolese sous BBL
81%
Collaborations 2025 melodrama de disiz
81%
Méga BBL 7 Mon bébé (feat. Brazy)
78%
Bad Boy Lovestory 2 Fashion Designa
74%
Bad Boy Lovestory 12 Mon casque
74%
Méga BBL 1 Pay! (feat. Guy2Bezbar)
74%
Méga BBL 4 Zou Bisou (feat. Jul)
74%
Bad Boy Lovestory 3 243 km/h (feat. Zoomy)
70%
Méga BBL 10 Les oiseaux rares (feat. Juliette Armanet)
70%
Méga BBL 3 Papa <3
70%
Singles 2026 Spa (feat. GIMS)
67%
Bad Boy Lovestory 11 Un meilleur nous
67%
Singles 2026 Miss KITOKO
63%
Collaborations 2026 Sex Model de PLK
63%
Bad Boy Lovestory 10 Big Boss Lady (feat. Jahlys)
59%
Bad Boy Lovestory 1 FNG
59%
Méga BBL 8 Go! (feat. Luidji)
59%
Neptune 5 Habiba
59%
Méga BBL 5 Massoko Na Mabele (feat. ThisizLondon)
59%
Méga BBL 2 Do U Wanna ?
56%
Méga BBL 6 I Wanna
56%
Bad Boy Lovestory 5 Bad Boy Lovestory
52%
Bad Boy Lovestory 7 Entracte : Histoire d'amour, commérages et Chardonnay
52%
Bad Boy Lovestory 6 Sorry Sorry So
52%
Singles 2024 Blues d'hiver
48%
Collaborations 2026 Instructions de Meryl
44%
Lili aux paradis artificiels (feat. Jeez Suave) 4 Le paradis se trouve dans le 93 (LPSTD93)
44%
Lili aux paradis artificiels : tome 2 2 Besoin d'aide
41%
Méga BBL 11 Boss Babies (feat. BB Trickz)
41%
Bad Boy Lovestory 13 Doutes en boucle
41%
Méga BBL 9 Bad Boy Lacked
37%
Lili aux paradis artificiels (feat. Jeez Suave) 3 Lolirock
37%
Neptune 4 Neptune
37%
Neptune 6 Rockstar
37%
Lili aux paradis artificiels : tome 2 4 Boss Lady (feat. Implaccable)
30%
Lili aux paradis artificiels : tome 2 5 Love me lagadou (<3 ?)
30%
Singles 2025 Dis-moi je t'aime pour le GP Explorer
26%
Lili aux paradis artificiels (feat. Jeez Suave) 6 Après l'orage..
22%
Neptune 3 Prendre le large
22%
Neptune 2 C'est normal
19%
Lili aux paradis artificiels (feat. Jeez Suave) 2 C trop la loose </3
19%
Singles 2022 Daddy Chocolat
19%
Lili aux paradis artificiels (feat. Jeez Suave) 1 Ici le temps est trop morose
19%
Neptune 7 Koby'z Piano
19%
Lili aux paradis artificiels (feat. Jeez Suave) 5 Dans le paradis artificiel
15%
Lili aux paradis artificiels : tome 2 3 J'ai retrouvé le sourire
15%
Singles 2024 PETITE ABEBI pour BOOSKA-P
15%
Lili aux paradis artificiels : tome 2 1 ...Y'a deux fois plus d'oRAGE
11%
Singles 2019 Whine
4%
Singles 2018 La Thune
0%
Neptune 1 Theodora
0%
Aucun quiz correspondant
Distribution des résultats
% des personnes avec chaque résultat
Percentile par nombre de réponses
Votre historique - résultats
Vous n’avez pas pris ce quiz depuis la dernière actualisation